[Event "Quebec-ch Senior"]
[Site "Montreal CAN"]
[Date "2018.04.22"]
[Round "5.11"]
[White "Giroux, Gilbert"]
[Black "Bedard, Michel"]
[Result "0-1"]
[WhiteElo "1305"]
[BlackElo "1610"]
[PlyCount "56"]
[EventDate "2018.04.20"]
[EventType "swiss"]
[EventRounds "5"]
[EventCountry "CAN"]

1. e4 e5 2. Nf3 Nf6 3. Nxe5 d6 4. Nf3 Nxe4 5. Nc3 Nxc3 6. dxc3 Be7 7. Bf4 Nc6
8. Qd2 h6 9. O-O-O g5 10. Be3 f5 11. Bb5 Bd7 12. Bxc6 Bxc6 13. Bd4 Rh7 14. Rhe1
Qd7 15. Bf6 Bxf3 16. gxf3 O-O-O 17. Qe3 Bxf6 18. Qxa7 Qc6 19. Qe3 Re7 20. Qd3
Qd7 21. c4 Rxe1 22. Rxe1 Be5 23. Qa3 Kb8 24. Rd1 Bf4+ 25. Kb1 Qc6 26. Rd5 Qxc4
27. Rd3 Re8 28. c3 Qxd3+ 0-1

[Event "Quebec-ch U10"]
[Site "Montreal CAN"]
[Date "2018.01.12"]
[Round "1"]
[White "Dufresne, Christophe"]
[Black "Latorre, Vincent"]
[Result "0-1"]
[WhiteElo "1164"]
[BlackElo "1495"]
[PlyCount "116"]
[EventDate "2018.01.12"]
[EventType "swiss"]
[EventRounds "5"]
[EventCountry "CAN"]

1. e4 c5 2. Nc3 d6 3. f4 Nc6 4. Nf3 e6 5. Bc4 a6 6. d3 b5 7. Bb3 Nf6 8. a4 b4
9. Ne2 Be7 10. O-O O-O 11. Qe1 Qb6 12. Qg3 c4+ 13. Kh1 cxb3 14. cxb3 Bb7 15. e5
Nd5 16. exd6 Bxd6 17. Qh3 h6 18. Ng3 Qc7 19. Nd2 Nxf4 20. Qg4 Ne7 21. Nf3 f5
22. Qh4 Neg6 23. Bxf4 Nxh4 24. Rac1 Qxc1 25. Bxc1 Nxf3 26. gxf3 Rac8 27. Kg2
Rc2+ 28. Kh3 Rfc8 29. Be3 Rxb2 30. Rf2 Rxb3 31. Rg2 Bxf3 32. Rf2 Bg4+ 33. Kg2
Rxd3 34. Bb6 b3 35. a5 Rdc3 36. Bd4 Rc2 37. Rxc2 Rxc2+ 38. Kf1 b2 39. Bxb2 Rxb2
40. Ke1 Ra2 41. Kf1 Rxa5 42. Kf2 Rb5 43. Nf1 a5 44. Nd2 Rb2 45. Ke3 Bf4+ 46.
Kxf4 Rxd2 47. Ke3 Rd8 48. Kf4 a4 49. Ke5 Kf7 50. h3 Bxh3 51. Kf4 a3 52. Ke5 a2
53. Kf4 a1=Q 54. Kf3 Qa4 55. Ke3 Rb8 56. Kd3 Rb3+ 57. Kc2 Qa2+ 58. Kc1 Rb1# 0-1

[Event "Quebec-ch U10"]
[Site "Montreal CAN"]
[Date "2018.01.12"]
[Round "1"]
[White "He, Zekai"]
[Black "Zhong, Kevin"]
[Result "0-1"]
[WhiteElo "1249"]
[BlackElo "2060"]
[PlyCount "36"]
[EventDate "2018.01.12"]
[EventType "swiss"]
[EventRounds "5"]
[EventCountry "CAN"]

1. d4 d5 2. c4 e6 3. Nc3 c5 4. e3 Nf6 5. Nf3 Nc6 6. Be2 dxc4 7. Bxc4 cxd4 8.
exd4 Be7 9. Be3 O-O 10. O-O Nb4 11. a3 Nbd5 12. Nxd5 Nxd5 13. Bxd5 Qxd5 14. Rc1
b6 15. Qd2 Bb7 16. Rfe1 Rfd8 17. Red1 Rd7 18. Ne5 Qxg2# 0-1

[Event "Quebec-ch U10"]
[Site "Montreal CAN"]
[Date "2018.01.12"]
[Round "1"]
[White "Mellon-Ruel, Olivier"]
[Black "He, Zekai"]
[Result "0-1"]
[WhiteElo "960"]
[BlackElo "1249"]
[PlyCount "78"]
[EventDate "2018.01.12"]
[EventType "swiss"]
[EventRounds "5"]
[EventCountry "CAN"]

1. d4 Nf6 2. e3 g6 3. Bd3 Bg7 4. Nf3 d6 5. O-O Bg4 6. Re1 Nbd7 7. Nc3 e5 8. h3
Be6 9. e4 exd4 10. Nxd4 Nc5 11. Ndb5 Nxd3 12. cxd3 O-O 13. e5 dxe5 14. d4 a6
15. Na3 exd4 16. Ncb1 c5 17. b3 b5 18. Nc2 d3 19. Ne3 c4 20. bxc4 bxc4 21. Ba3
Re8 22. Qc1 Rc8 23. Nd2 c3 24. Qd1 cxd2 25. Qxd2 Ne4 26. Qd1 d2 27. Re2 Nc3 28.
Rxd2 Nxd1 29. Rxd8 Rcxd8 30. Nxd1 Bxa1 31. Ne3 Bd4 32. Nc2 Be5 33. Ne3 Bf4 34.
g3 Bxe3 35. fxe3 Bxh3 36. Kh2 Bf5 37. g4 Rxe3 38. gxf5 Rd2+ 39. Kg1 Re1# 0-1

[Event "Quebec-ch U10"]
[Site "Montreal CAN"]
[Date "2018.01.12"]
[Round "1"]
[White "Yan, Alex Jikai"]
[Black "Beliveau, Mathieu"]
[Result "1-0"]
[WhiteElo "1396"]
[BlackElo "1064"]
[PlyCount "83"]
[EventDate "2018.01.12"]
[EventType "swiss"]
[EventRounds "5"]
[EventCountry "CAN"]

1. e4 g6 2. d4 Bg7 3. Nf3 d6 4. Bc4 Nf6 5. Nc3 O-O 6. O-O Bg4 7. h3 Bxf3 8.
Qxf3 Nbd7 9. Be3 e5 10. d5 a6 11. a4 h5 12. Bg5 Qe8 13. a5 Nh7 14. Bd2 f5 15.
Qe2 f4 16. f3 h4 17. b4 Kh8 18. Be1 g5 19. Bf2 Nhf6 20. Rfb1 Nb8 21. Rb3 c6 22.
Rd1 Qe7 23. Qd2 Rd8 24. Na4 Bf8 25. Nb6 Ra7 26. Nc8 Rxc8 27. Bxa7 c5 28. bxc5
dxc5 29. Rdb1 Qd8 30. Rxb7 Nfd7 31. Bxb8 Rxb8 32. Rxb8 Nxb8 33. Rxb8 Qd6 34.
Rb6 Qd8 35. Rxa6 Bd6 36. Qc3 Bc7 37. Qb2 Bxa5 38. Qxe5+ Kh7 39. Qf5+ Kh8 40.
Rh6+ Kg7 41. Rh7+ Kg8 42. d6# 1-0

[Event "Quebec-ch U10"]
[Site "Montreal CAN"]
[Date "2018.01.12"]
[Round "1"]
[White "Zhong, Kevin"]
[Black "Bocan, Richard"]
[Result "1-0"]
[WhiteElo "2060"]
[BlackElo "1207"]
[PlyCount "103"]
[EventDate "2018.01.12"]
[EventType "swiss"]
[EventRounds "5"]
[EventCountry "CAN"]

1. e4 c6 2. d4 d5 3. exd5 cxd5 4. c4 e6 5. Nc3 Nc6 6. Nf3 Nf6 7. Bg5 h6 8. Bxf6
gxf6 9. cxd5 exd5 10. Qb3 Bb4 11. Be2 Bxc3+ 12. bxc3 Rb8 13. O-O a6 14. Rfe1
Kf8 15. c4 Be6 16. Rad1 Kg7 17. Nh4 Rg8 18. Qg3+ Kf8 19. Qf4 Rh8 20. Bf3 Kg7
21. cxd5 Bxd5 22. Nf5+ Kf8 23. Bxd5 Qxd5 24. Ne7 Qg5 25. Qc7 Re8 26. Nxc6 Rxe1+
27. Rxe1 bxc6 28. Qxc6 Kg7 29. Rd1 Qa5 30. Qc4 Re8 31. Kf1 Qh5 32. Re1 Rxe1+
33. Kxe1 Qxh2 34. d5 Qd6 35. Kf1 Kf8 36. g3 Ke7 37. Kg2 Qe5 38. Qc6 Qd6 39.
Qb7+ Qd7 40. d6+ Ke6 41. Qxa6 Qxd6 42. Qxd6+ Kxd6 43. Kf3 Kc5 44. Kf4 Kb4 45.
Kf5 Ka3 46. Kxf6 Kxa2 47. Kxf7 Kb2 48. f4 Kc3 49. f5 Kd4 50. Kg6 Ke5 51. f6 Ke6
52. Kg7 1-0

[Event "Quebec-ch U10"]
[Site "Montreal CAN"]
[Date "2018.01.13"]
[Round "2"]
[White "Bocan, Richard"]
[Black "Mellon-Ruel, Olivier"]
[Result "1-0"]
[WhiteElo "1207"]
[BlackElo "960"]
[PlyCount "44"]
[EventDate "2018.01.12"]
[EventType "swiss"]
[EventRounds "5"]
[EventCountry "CAN"]

1. d4 d5 2. c4 dxc4 3. e3 Nf6 4. Bxc4 Nc6 5. Nc3 g6 6. Nf3 Bg7 7. O-O O-O 8. h3
Re8 9. e4 e5 10. dxe5 Nh5 11. Qxd8 Rxd8 12. g4 b5 13. Bxb5 a6 14. Bxc6 Rb8 15.
gxh5 gxh5 16. Kg2 a5 17. b3 Ba6 18. Re1 Rb6 19. Bd5 Rg6+ 20. Kh2 c6 21. Bc4 Bc8
22. Be3 Kh8 {...} 1-0

[Event "Quebec-ch U10"]
[Site "Montreal CAN"]
[Date "2018.01.13"]
[Round "2"]
[White "Liu, Eric"]
[Black "Yan, Alex Jikai"]
[Result "0-1"]
[WhiteElo "1223"]
[BlackElo "1396"]
[PlyCount "52"]
[EventDate "2018.01.12"]
[EventType "swiss"]
[EventRounds "5"]
[EventCountry "CAN"]

1. d4 d5 2. c4 e6 3. Nc3 Nf6 4. Nf3 c5 5. cxd5 exd5 6. Bg5 cxd4 7. Nxd4 Nc6 8.
a3 Be6 9. g3 h6 10. Nxe6 fxe6 11. Bxf6 Qxf6 12. Bg2 Bc5 13. O-O O-O 14. e3 Rad8
15. Re1 Qxf2+ 16. Kh1 b6 17. Qb3 Na5 18. Qa2 Nc4 19. Re2 Qf6 20. Rc1 a5 21. e4
Qg5 22. Rd1 Bd6 23. b3 Nxa3 24. Rd3 dxe4 25. Rxe4 Be7 26. Rxd8 Rxd8 0-1

[Event "Quebec-ch U10"]
[Site "Montreal CAN"]
[Date "2018.01.13"]
[Round "3"]
[White "Dufresne, Christophe"]
[Black "Beliveau, Mathieu"]
[Result "1-0"]
[WhiteElo "1164"]
[BlackElo "1064"]
[PlyCount "49"]
[EventDate "2018.01.12"]
[EventType "swiss"]
[EventRounds "5"]
[EventCountry "CAN"]

1. e4 g6 2. d4 Bg7 3. Nf3 d6 4. Nc3 Nf6 5. Bc4 O-O 6. O-O Bg4 7. h3 Bxf3 8.
Qxf3 e5 9. d5 Nh5 10. Be3 f5 11. exf5 Rxf5 12. Qe2 a6 13. g4 Nf4 14. Qf3 Qg5
15. Ne4 Qh4 16. gxf5 Nxh3+ 17. Kg2 Nf4+ 18. Bxf4 exf4 19. Rh1 Qe7 20. fxg6 hxg6
21. Qxf4 Bxb2 22. Rab1 Be5 23. Qg5 Qf7 24. Qd8+ Kg7 25. Qh8# 1-0

[Event "Quebec-ch U10"]
[Site "Montreal CAN"]
[Date "2018.01.13"]
[Round "3"]
[White "Zhong, Kevin"]
[Black "Latorre, Vincent"]
[Result "1-0"]
[WhiteElo "2060"]
[BlackElo "1495"]
[PlyCount "105"]
[EventDate "2018.01.12"]
[EventType "swiss"]
[EventRounds "5"]
[EventCountry "CAN"]

1. e4 c5 2. Ne2 Nc6 3. Nbc3 d6 4. g3 e6 5. Bg2 Be7 6. O-O Nf6 7. f4 O-O 8. d3
Rb8 9. h3 b5 10. e5 Nd5 11. Nxd5 exd5 12. Bxd5 Qb6 13. exd6 Bxd6 14. Bg2 Re8
15. Kh2 Bb7 16. Qd2 Re7 17. b3 Rbe8 18. Ng1 Nd4 19. Rf2 Bxg2 20. Kxg2 Qb7+ 21.
Kh2 b4 22. Bb2 Nf5 23. Raf1 Ne3 24. Rc1 h5 25. Nf3 Qc7 26. Ne5 Nd5 27. h4 a6
28. Qd1 g6 29. Qf3 Qb7 30. Re1 Nb6 31. Qxb7 Rxb7 32. Rfe2 Rbe7 33. Re4 Kf8 34.
Kg2 Kg8 35. Kf3 f5 36. R4e2 Kh7 37. Nf7 Rxe2 38. Rxe2 Rxe2 39. Kxe2 Be7 40. Ne5
Bf6 41. a3 a5 42. a4 Nd5 43. Nc4 Bxb2 44. Nxb2 Ne7 45. Nc4 Nc6 46. Nd6 Nd8 47.
Ke3 Kg7 48. d4 cxd4+ 49. Kxd4 Kf6 50. Kd5 Ke7 51. Nc4 Ne6 52. Nxa5 Kd7 53. Nc4
1-0

[Event "Quebec-ch U10"]
[Site "Montreal CAN"]
[Date "2018.01.14"]
[Round "4"]
[White "Bocan, Richard"]
[Black "Dufresne, Christophe"]
[Result "1-0"]
[WhiteElo "1207"]
[BlackElo "1164"]
[PlyCount "105"]
[EventDate "2018.01.12"]
[EventType "swiss"]
[EventRounds "5"]
[EventCountry "CAN"]

1. d4 d5 2. c4 e6 3. Nf3 Nf6 4. Bf4 Nc6 5. e3 Bb4+ 6. Nc3 O-O 7. a3 Bd6 8. Bg3
b6 9. Rc1 Bb7 10. Bd3 dxc4 11. Bxc4 Qe7 12. e4 Na5 13. Bd3 Bxg3 14. hxg3 Nd7
15. e5 g6 16. b4 Bxf3 17. gxf3 Nb7 18. Qd2 f6 19. Qh6 Qg7 20. Qxg7+ Kxg7 21.
Nb5 Nd8 22. Rxc7 Rf7 23. Nd6 Re7 24. Bb5 a5 25. Rxd7 Rxd7 26. Bxd7 fxe5 27.
dxe5 axb4 28. Kd2 bxa3 29. Ra1 Ra7 30. Bb5 Nf7 31. f4 Nxd6 32. exd6 Kf6 33. Kc2
h5 34. Kb3 Ra5 35. Be8 Ra8 36. Bc6 Rc8 37. d7 Rd8 38. Rxa3 Ke7 39. Kb4 Rxd7 40.
Bxd7 Kxd7 41. Ra6 Kc6 42. Ra8 Kd5 43. Rg8 Ke4 44. Rxg6 Kf3 45. Rxe6 Kxf2 46. f5
Kxg3 47. f6 h4 48. f7 h3 49. f8=Q h2 50. Qf1 b5 51. Rg6+ Kh4 52. Qf4+ Kh3 53.
Qg4# 1-0

[Event "Quebec-ch U10"]
[Site "Montreal CAN"]
[Date "2018.01.14"]
[Round "4"]
[White "He, Zekai"]
[Black "Omichi, Kevin"]
[Result "1-0"]
[WhiteElo "1249"]
[BlackElo "1115"]
[PlyCount "131"]
[EventDate "2018.01.12"]
[EventType "swiss"]
[EventRounds "5"]
[EventCountry "CAN"]

1. d4 d5 2. c4 e6 3. Nc3 Nf6 4. Nf3 Bb4 5. Bg5 Bxc3+ 6. bxc3 O-O 7. cxd5 exd5
8. h3 h6 9. Bh4 Be6 10. e3 Nbd7 11. Bd3 c6 12. O-O Qc7 13. Bg3 Qc8 14. Ne5 Nxe5
15. Bxe5 Nd7 16. Bf4 Nf6 17. Qf3 Bf5 18. Bxf5 Qxf5 19. Rab1 b6 20. Rfc1 Rfc8
21. a4 Qe4 22. Qxe4 Nxe4 23. f3 Nd2 24. Rb2 Nc4 25. Re2 f5 26. g4 g5 27. Bg3
Re8 28. Rce1 fxg4 29. hxg4 Re6 30. e4 dxe4 31. Rxe4 Rxe4 32. Rxe4 Nd2 33. Re3
Kf7 34. f4 Nc4 35. Re4 Re8 36. Rxe8 Kxe8 37. fxg5 hxg5 38. Bb8 a5 39. Kf2 Kf7
40. Kf3 Kf6 41. Ke4 Ke6 42. Bc7 Kd7 43. Be5 Nxe5 44. Kxe5 Ke7 45. Kf5 Kf7 46.
Kxg5 Kg7 47. Kf5 Kf7 48. g5 Kg7 49. Ke6 Kg6 50. Kd6 b5 51. axb5 a4 52. bxc6 a3
53. c7 a2 54. c8=Q a1=Q 55. Qg8+ Kf5 56. g6 Qxc3 57. Qe6+ Kg5 58. g7 Qxd4+ 59.
Qd5+ Qxd5+ 60. Kxd5 Kf4 61. g8=Q Ke3 62. Qg4 Kf2 63. Ke4 Ke1 64. Qg2 Kd1 65.
Kd3 Ke1 66. Qe2# 1-0

[Event "Quebec-ch U10"]
[Site "Montreal CAN"]
[Date "2018.01.14"]
[Round "4"]
[White "Latorre, Vincent"]
[Black "Liu, Eric"]
[Result "0-1"]
[WhiteElo "1495"]
[BlackElo "1223"]
[PlyCount "50"]
[EventDate "2018.01.12"]
[EventType "swiss"]
[EventRounds "5"]
[EventCountry "CAN"]

1. e4 c5 2. Nc3 e6 3. f4 Nc6 4. Bc4 Nge7 5. Nf3 d5 6. exd5 exd5 7. Be2 g6 8. d4
cxd4 9. Nxd4 Bg7 10. Nxc6 bxc6 11. O-O O-O 12. Bf3 Re8 13. Re1 Qc7 14. Qe2 Bb7
15. Kh1 Nf5 16. Qxe8+ Rxe8 17. Rxe8+ Bf8 18. g3 Ne7 19. f5 Qd7 20. Rb8 Nxf5 21.
Bg4 Bc8 22. Kg1 Bc5+ 23. Kg2 Nh4+ 24. gxh4 Qxg4+ 25. Kf1 Qf3+ 0-1

[Event "Quebec-ch U10"]
[Site "Montreal CAN"]
[Date "2018.01.14"]
[Round "4"]
[White "Yan, Alex Jikai"]
[Black "Zhong, Kevin"]
[Result "1/2-1/2"]
[WhiteElo "1396"]
[BlackElo "2060"]
[PlyCount "36"]
[EventDate "2018.01.12"]
[EventType "swiss"]
[EventRounds "5"]
[EventCountry "CAN"]

1. e4 c5 2. Nf3 Nc6 3. c3 d5 4. exd5 Qxd5 5. d4 Bg4 6. Be2 cxd4 7. cxd4 e6 8.
Nc3 Bb4 9. O-O Qa5 10. d5 Rd8 11. Re1 Bxc3 12. bxc3 Qxd5 13. Qa4 Nf6 14. Ba3
Qa5 15. Qxa5 Nxa5 16. Bb5+ Nc6 17. Ne5 Rc8 18. Rab1 Bh5 1/2-1/2

[Event "Quebec-ch U10"]
[Site "Montreal CAN"]
[Date "2018.01.14"]
[Round "5"]
[White "Beliveau, Mathieu"]
[Black "Latorre, Vincent"]
[Result "0-1"]
[WhiteElo "1064"]
[BlackElo "1495"]
[PlyCount "71"]
[EventDate "2018.01.12"]
[EventType "swiss"]
[EventRounds "5"]
[EventCountry "CAN"]

1. d4 d5 2. c4 Nf6 3. e3 e6 4. Nc3 c5 5. Nf3 Nc6 6. Bd3 Be7 7. dxc5 Bxc5 8.
cxd5 exd5 9. Bb5 Bg4 10. O-O O-O 11. h3 Be6 12. Qc2 Be7 13. Ne2 Rc8 14. Bxc6
Rxc6 15. Qd3 Qd6 16. Ng3 Rfc8 17. Bd2 Qb8 18. Ng5 Bd6 19. f4 h6 20. Nxe6 fxe6
21. Bc3 Rf8 22. Qg6 Qe8 23. Qxe8 Rxe8 24. Bxf6 gxf6 25. Nh5 Kf7 26. Rf3 Rg8 27.
Rg3 Rxg3 28. Nxg3 Rc2 29. b3 Bc5 30. Nf1 d4 31. e4 d3+ 32. Kh2 d2 33. Rd1 Bb4
34. Ne3 Rc1 35. a3 Bc3 36. Nc4 0-1

[Event "Quebec-ch U10"]
[Site "Montreal CAN"]
[Date "2018.01.14"]
[Round "5"]
[White "Bocan, Richard"]
[Black "Yan, Alex Jikai"]
[Result "1/2-1/2"]
[WhiteElo "1207"]
[BlackElo "1397"]
[PlyCount "34"]
[EventDate "2018.01.12"]
[EventType "swiss"]
[EventRounds "5"]
[EventCountry "CAN"]

1. d4 d5 2. c4 e6 3. Nf3 Nc6 4. Bf4 Nf6 5. e3 Be7 6. Nc3 O-O 7. Bd3 b6 8. Rc1
Bb7 9. O-O Nb4 10. Be2 c5 11. a3 Nc6 12. dxc5 bxc5 13. Ne5 Nxe5 14. Bxe5 Qd7
15. Bf3 Rac8 16. b3 Rfd8 17. Ne2 Ba6 1/2-1/2

[Event "Quebec-ch U10"]
[Site "Montreal CAN"]
[Date "2018.01.14"]
[Round "5"]
[White "Dufresne, Christophe"]
[Black "Mellon-Ruel, Olivier"]
[Result "1-0"]
[WhiteElo "1164"]
[BlackElo "960"]
[PlyCount "107"]
[EventDate "2018.01.12"]
[EventType "swiss"]
[EventRounds "5"]
[EventCountry "CAN"]

1. e4 e5 2. Nf3 d6 3. d4 Bg4 4. dxe5 dxe5 5. Qxd8+ Kxd8 6. Nxe5 Be6 7. f4 g6 8.
f5 f6 9. fxe6 fxe5 10. Bg5+ Ke8 11. Nc3 Nc6 12. Nd5 Bb4+ 13. c3 Be7 14. Bxe7
Ncxe7 15. Nxc7+ Kd8 16. Nxa8 Nf6 17. O-O-O+ Kc8 18. Bd3 Kb8 19. Nb6 axb6 20.
Rhf1 Ng4 21. h3 Ne3 22. Rf7 Nxd1 23. Rxe7 Ne3 24. Rf7 h5 25. e7 Re8 26. Rf8
Rxf8 27. exf8=Q+ Kc7 28. Qe7+ Kb8 29. g3 Ng2 30. Qxe5+ Kc8 31. Kd2 h4 32. gxh4
Nxh4 33. Qd4 Nf3+ 34. Ke3 Nxd4 35. Kxd4 Kc7 36. Ke5 Kc6 37. Kf6 b5 38. Kxg6 Kc5
39. h4 b4 40. h5 bxc3 41. h6 cxb2 42. h7 b1=Q 43. Bxb1 b5 44. h8=Q Kc4 45. Qd8
Kc3 46. Qd3+ Kb2 47. Qc2+ Ka1 48. Qc3+ Kxb1 49. Qd2 Ka1 50. e5 b4 51. e6 b3 52.
e7 bxa2 53. e8=R Kb1 54. Re1# 1-0

[Event "Quebec-ch U10"]
[Site "Montreal CAN"]
[Date "2018.01.14"]
[Round "5"]
[White "Zhong, Kevin"]
[Black "Liu, Eric"]
[Result "1-0"]
[WhiteElo "2060"]
[BlackElo "1223"]
[PlyCount "79"]
[EventDate "2018.01.12"]
[EventType "swiss"]
[EventRounds "5"]
[EventCountry "CAN"]

1. e4 e5 2. Nf3 Nc6 3. Bc4 Bc5 4. c3 Nf6 5. d3 d6 6. Bb3 h6 7. O-O O-O 8. Re1
Bg4 9. h3 Bh5 10. Nbd2 Qd7 11. Nf1 Rad8 12. Ng3 Bg6 13. Nh4 Bh7 14. Qf3 Ne7 15.
Bxh6 d5 16. Bg5 dxe4 17. dxe4 Qd3 18. Bxf6 Qxf3 19. Nxf3 gxf6 20. Nh5 f5 21.
exf5 Bxf5 22. Rxe5 Bd6 23. Re2 Bg6 24. Nf6+ Kg7 25. Ng4 Bh5 26. Nge5 Bxe5 27.
Rxe5 Bxf3 28. Rxe7 Bc6 29. Rxc7 Rd6 30. Re1 Rg6 31. g3 Rd6 32. Ree7 Bd5 33.
Bxd5 Rxd5 34. Rxb7 Rd2 35. Kf1 Kg6 36. Re2 Rfd8 37. Rxd2 Rxd2 38. a4 a5 39. c4
Rc2 40. b3 1-0

[Event "Quebec-ch U12"]
[Site "Montreal CAN"]
[Date "2018.01.12"]
[Round "1"]
[White "Fernandez Busto, Edouard"]
[Black "Gonzalez, Tristan"]
[Result "0-1"]
[WhiteElo "1121"]
[BlackElo "1322"]
[PlyCount "142"]
[EventDate "2018.01.12"]
[EventType "swiss"]
[EventRounds "5"]
[EventCountry "CAN"]

1. e4 e5 2. Nf3 Nc6 3. Nc3 Nf6 4. d3 h6 5. h3 Bb4 6. Bd2 d6 7. Be2 Be6 8. O-O
O-O 9. a3 Ba5 10. b4 Bb6 11. Na4 Nd7 12. Nxb6 Nxb6 13. c4 f5 14. exf5 Bxf5 15.
Bc3 Re8 16. d4 exd4 17. Nxd4 Nxd4 18. Qxd4 Re7 19. f4 d5 20. cxd5 Qxd5 21. Bc4
Qxc4 22. Qd2 Rae8 23. Rac1 Re2 24. Qd4 Qxd4+ 25. Bxd4 Be4 26. Bf2 Bc6 27. Rfd1
Rf8 28. g3 g5 29. Bc5 Rg2+ 30. Kf1 Re8 31. b5 Bf3 32. Rd3 Be2+ 33. Kxg2 Bxd3
34. fxg5 Re2+ 35. Kf3 Nd7 36. Bd4 Ne5+ 37. Bxe5 Rxe5 38. gxh6 Re7 39. Rc5 Kh7
40. h4 Kxh6 41. g4 Be2+ 42. Kf4 Rf7+ 43. Rf5 Rxf5+ 44. gxf5 Kg7 45. Kg5 Bc4 46.
h5 Bf7 47. h6+ Kh7 48. Kf6 Bd5 49. Ke7 c6 50. Kd6 Kxh6 51. Ke5 Kg7 52. f6+ Kf7
53. Kd6 Kxf6 54. a4 cxb5 55. axb5 Bc4 56. Kc7 Bxb5 57. Kxb7 a5 58. Kb6 a4 59.
Kxb5 a3 60. Kc4 a2 61. Kd3 a1=Q 62. Ke3 Qc3+ 63. Ke4 Qe5+ 64. Kd3 Ke6 65. Kc4
Qd5+ 66. Kc3 Kd6 67. Kc2 Qd4 68. Kb3 Kc5 69. Kc2 Kc4 70. Kb1 Qf2 71. Ka1 Kb3
0-1

[Event "Quebec-ch U12"]
[Site "Montreal CAN"]
[Date "2018.01.12"]
[Round "1"]
[White "Guipi Bopala, Prince Eric jr"]
[Black "Zhong, Ziyi"]
[Result "1-0"]
[WhiteElo "1833"]
[BlackElo "1313"]
[PlyCount "79"]
[EventDate "2018.01.12"]
[EventType "swiss"]
[EventRounds "5"]
[EventCountry "CAN"]

1. d4 d5 2. Nf3 Nf6 3. e3 e6 4. Bd3 c5 5. b3 Nc6 6. O-O b6 7. a3 Bb7 8. Nbd2
Bd6 9. Bb2 O-O 10. Ne5 Qc7 11. f4 Ne7 12. Qe2 a6 13. g4 Ne4 14. g5 Nf5 15. Bxe4
dxe4 16. Ndc4 Be7 17. Ng4 cxd4 18. exd4 Rad8 19. Rad1 Nh4 20. Nce5 f6 21. gxf6
gxf6 22. Nh6+ Kh8 23. Nhf7+ Kg7 24. Nxd8 Rxd8 25. Qg4+ Ng6 26. Nxg6 hxg6 27. c4
Qc6 28. d5 exd5 29. cxd5 Qc5+ 30. Bd4 Qb5 31. f5 Rg8 32. fxg6 Bxd5 33. Qh5 Rh8
34. Qf5 Qc6 35. Bxf6+ Bxf6 36. Rxd5 Rf8 37. Rd7+ Kg8 38. Qh3 Bd4+ 39. Rxd4
Qxg6+ 40. Qg3 1-0

[Event "Quebec-ch U12"]
[Site "Montreal CAN"]
[Date "2018.01.12"]
[Round "1"]
[White "He, Jiaqi"]
[Black "Zheng, Richard"]
[Result "0-1"]
[WhiteElo "1320"]
[BlackElo "2094"]
[PlyCount "44"]
[EventDate "2018.01.12"]
[EventType "swiss"]
[EventRounds "5"]
[EventCountry "CAN"]

1. e4 e5 2. Nf3 Nc6 3. Nc3 Nf6 4. Bc4 Nxe4 5. Nxe4 d5 6. Bxd5 Qxd5 7. Nc3 Qd8
8. h3 Bc5 9. b3 O-O 10. O-O f5 11. d3 Qf6 12. Nd5 Qf7 13. c4 h6 14. Re1 e4 15.
dxe4 fxe4 16. Rxe4 Qg6 17. Nxc7 Bxh3 18. Qd5+ Kh8 19. Nh4 Bxf2+ 20. Kh2 Qg3+
21. Kh1 Bxg2+ 22. Nxg2 Qh3# 0-1

[Event "Quebec-ch U12"]
[Site "Montreal CAN"]
[Date "2018.01.12"]
[Round "1"]
[White "Jain, Ankita"]
[Black "Tsukerman, Julia"]
[Result "0-1"]
[WhiteElo "1264"]
[BlackElo "1585"]
[PlyCount "66"]
[EventDate "2018.01.12"]
[EventType "swiss"]
[EventRounds "5"]
[EventCountry "CAN"]

1. e4 c5 2. Nf3 d6 3. d4 cxd4 4. Nxd4 Nf6 5. Nc3 a6 6. Bc4 e6 7. f4 Nc6 8. Nde2
b5 9. Bd3 Be7 10. Ng3 Bb7 11. Be3 O-O 12. O-O Qc7 13. Qf3 Nb4 14. a3 Nxd3 15.
cxd3 d5 16. Rac1 Qd7 17. Rfd1 d4 18. Nce2 dxe3 19. Qxe3 Rac8 20. Kh1 Rxc1 21.
Qxc1 Rc8 22. Qe3 b4 23. Ra1 Rc2 24. axb4 Rxb2 25. Rd1 Rxb4 26. Rc1 a5 27. Qa7
a4 28. e5 Qd5 29. Qb8+ Bf8 30. Rg1 Rb1 31. Ne4 Rxg1+ 32. Nxg1 Nxe4 33. dxe4
Qxe4 0-1

[Event "Quebec-ch U12"]
[Site "Montreal CAN"]
[Date "2018.01.12"]
[Round "1"]
[White "Liu, Daniel Orejuela"]
[Black "Navala, Anthony"]
[Result "0-1"]
[WhiteElo "1134"]
[BlackElo "1379"]
[PlyCount "112"]
[EventDate "2018.01.12"]
[EventType "swiss"]
[EventRounds "5"]
[EventCountry "CAN"]

1. e4 e6 2. d4 d5 3. exd5 exd5 4. Nc3 Nf6 5. Nf3 Bd6 6. Bg5 O-O 7. Be2 Bg4 8.
O-O h6 9. Bh4 c6 10. h3 Bh5 11. Qd2 Nbd7 12. Rfe1 Qc7 13. Rad1 Bf4 14. Bg3 Bxd2
15. Bxc7 Bxe1 16. Nxe1 Bxe2 17. Nxe2 Rfe8 18. Ng3 Rac8 19. Bf4 Ne4 20. Nf5 Re6
21. Nd3 c5 22. dxc5 Ndxc5 23. Nxc5 Rxc5 24. Be3 Ra5 25. a3 Re5 26. Nd4 a6 27.
Nb3 Rb5 28. Rd4 Nc5 29. Nxc5 Rxc5 30. Rg4 Rc6 31. Kh2 f5 32. Rb4 b5 33. c3 Re4
34. Bd4 Rc4 35. Rb3 Re2 36. f3 Rd2 37. Kg3 Rd3 38. Kf4 Rcxd4+ 39. cxd4 Rxb3 40.
Kxf5 Rxb2 41. g4 Rb3 42. Ke5 Rxa3 43. Kxd5 Rxf3 44. Kc5 Rxh3 45. d5 Rd3 46. d6
Rxd6 47. Kxd6 b4 48. Kc5 b3 49. Kb6 b2 50. Kxa6 b1=Q 51. Ka5 Kf7 52. g5 Ke6 53.
gxh6 gxh6 54. Ka4 Kd5 55. Ka3 Kc4 56. Ka4 Qb4# 0-1

[Event "Quebec-ch U12"]
[Site "Montreal CAN"]
[Date "2018.01.12"]
[Round "1"]
[White "Liu, Kevin"]
[Black "Mellon-Ruel, Clarelie"]
[Result "1-0"]
[WhiteElo "1556"]
[BlackElo "1155"]
[PlyCount "119"]
[EventDate "2018.01.12"]
[EventType "swiss"]
[EventRounds "5"]
[EventCountry "CAN"]

1. c4 c5 2. e4 e5 3. g3 g6 4. Bg2 Bg7 5. Nc3 Nf6 6. Nge2 O-O 7. O-O d6 8. d3
Bg4 9. h3 Bxe2 10. Qxe2 Nc6 11. Be3 Nd4 12. Qd2 a6 13. Rab1 b5 14. b4 cxb4 15.
Rxb4 a5 16. Rb2 b4 17. Bxd4 exd4 18. Nb5 Qd7 19. a3 bxa3 20. Ra2 Ra6 21. Rxa3
Qd8 22. Rfa1 Ra8 23. e5 d5 24. exf6 Qxf6 25. Bxd5 Rae8 26. Rxa5 Re7 27. Ra8 Qf5
28. Kg2 Qh5 29. Bf3 Qh6 30. Qb4 Bf6 31. Rxf8+ Qxf8 32. Ra8 Re8 33. Qxf8+ Rxf8
34. Rxf8+ Kxf8 35. Bd5 Ke7 36. Kf3 h5 37. Kf4 g5+ 38. Kf5 g4 39. hxg4 hxg4 40.
Kxg4 Kf8 41. c5 Be7 42. c6 Bd8 43. c7 Bxc7 44. Nxc7 f5+ 45. Kxf5 Ke7 46. g4 Kd6
47. g5 Kxc7 48. g6 Kd6 49. Be6 Ke7 50. g7 Ke8 51. g8=Q+ Ke7 52. Qc8 Kd6 53.
Qd7+ Kc5 54. Qc7+ Kb4 55. Qc4+ Ka5 56. Qb3 Ka6 57. Bd5 Ka5 58. Bc6 Ka6 59. Qb7+
Ka5 60. Qb5# 1-0

[Event "Quebec-ch U12"]
[Site "Montreal CAN"]
[Date "2018.01.12"]
[Round "1"]
[White "Moisan, Pier-Philippe"]
[Black "Roy, Benjamin"]
[Result "1-0"]
[WhiteElo "1349"]
[BlackElo "1133"]
[PlyCount "119"]
[EventDate "2018.01.12"]
[EventType "swiss"]
[EventRounds "5"]
[EventCountry "CAN"]

1. e4 e5 2. Nf3 Nc6 3. Nc3 Nf6 4. Bc4 Bc5 5. d3 h6 6. h3 O-O 7. O-O d6 8. Be3
Bd7 9. a3 Nd4 10. Bxd4 exd4 11. Ne2 c6 12. Nfxd4 d5 13. exd5 cxd5 14. Ba2 Qb6
15. Nb3 Bd6 16. d4 Bb5 17. Re1 Bc7 18. c3 Qd6 19. Ng3 Ne4 20. Qf3 h5 21. Nc5 h4
22. Nf1 Bxf1 23. Nxe4 dxe4 24. Qe3 Qh2+ 25. Kxf1 Qh1+ 26. Ke2 Qxg2 27. Rg1 Qf3+
28. Qxf3 exf3+ 29. Kxf3 Rfe8 30. Rg4 Bd8 31. Rag1 Bf6 32. Rf4 Be7 33. Rxf7 Rf8
34. Rgxg7+ Kh8 35. Rh7+ Kg8 36. Rxf8+ Kxh7 37. Rxa8 a6 38. Rb8 Kg6 39. Rxb7 Bg5
40. Rb6+ Kf5 41. Rxa6 Bc1 42. b4 Bb2 43. b5 Bxc3 44. b6 Bxd4 45. b7 Be5 46. Ra8
Bc7 47. b8=Q Bxb8 48. Rxb8 Ke5 49. a4 Kd6 50. a5 Kc7 51. Rb1 Kd6 52. a6 Ke5 53.
a7 Kf6 54. a8=Q Ke5 55. Rb5+ Kd4 56. Qd5+ Kc3 57. Qc4+ Kd2 58. Rb2+ Kd1 59.
Qc2+ Ke1 60. Qe2# 1-0